000 00537nam a2200145Ia 4500
008 140724s9999 xx 000 0 und d
050 _aBF 698
_b.M672 2014
100 _aMirasol, David Vincent B.
245 _aLevel of aggression and self-acceptance profile selected Muntparlas College Students exposed to video games /
_cDavid Vincent B. Mirasol.
260 _aLas PiƱas, Philippines :
_bSouthville International School and Colleges,
_cc2014.
300 _a58 p. :
_c28 cm.
521 _aPsychology
942 _cTH
999 _c229343
_d229343